000 00461pab a2200169 454500
008 180718b2006 xxu||||| |||| 00| 0 eng d
100 _aBjorklund, Anders
245 _aThe origins of intergenerational associations, lessons from Swedish adoption data
260 _c2006
300 _ap.999-1028.
362 _aAug
650 _aAdoption
700 _aPlug, Erik
700 _aLindahl, Mikael
773 _aQuarterly Journal of Economics
909 _a71897
999 _c71897
_d71897